000 00661nam a2200265Ia 4500
005 20260121170131.0
008 008 260114s9999 xx 000 0 eng d
020 _a9783319617749
037 _aEBOOK
040 _aCRL
040 _beng
040 _cCRL
041 _2eng
041 _aeng
084 _qCRL
100 _aVéronique Petit
_91060213
245 0 _aPopulation Studies and Development from Theory to Fieldwork
260 _bSpringer
260 _bSpringer
260 _c2018
856 _uhttps://link.springer.com/openurl?genre=book&isbn=978-3-319-61774-9
942 _cEBOOK
999 _c1625942
_d1625942